LEADER 01289cam0-2200421---450- 001 990005873010403321 005 20081119095041.0 010 $a88-06-11572-3 035 $a000587301 035 $aFED01000587301 035 $a(Aleph)000587301FED01 035 $a000587301 100 $a20000421d1989----km-y0itay50------ba 101 1 $aita$ceng 102 $aIT 105 $aaf------001yy 200 1 $aBorromini e l'Oratorio romano$estile e società$fJoseph Connors 210 $aTorino$cEinaudi$dc1989 215 $aXXVIII, 517 p., tav.$cill.$d22 cm 225 1 $aBiblioteca di storia dell'arte$iN. S.$v12 300 $aTrad. di Antonella Sbrilli, Augusto Roca De Amicis 454 0$12001$aBorromini and the Roman Oratory$913587 610 0 $aBorromini, Francesco$aRoma$aOratorio dei Filippini 610 0 $aRoma$aOratorio dei Filippini 676 $a726.79092 700 1$aConnors,$bJoseph$010409 801 0$aIT$bUNINA$gRICA$2UNIMARC 901 $aBK 912 $a990005873010403321 952 $a726.79 CON 1$bBibl.29594$fFLFBC 952 $aSDI-KF 719$b316$fSDI 952 $a12.141$b962$fDARST 952 $a12.140$b1112$fDARST 959 $aFLFBC 959 $aSDI 959 $aDARST 996 $aBorromini and the Roman Oratory$913587 997 $aUNINA LEADER 01298nam a2200325 i 4500 001 991000862349707536 005 20020507102444.0 008 970307s1978 us ||| | eng 020 $a0387088334 035 $ab10140049-39ule_inst 035 $aLE00638152$9ExL 040 $aDip.to Fisica$bita 084 $a53.6.5 084 $a530.4'3'0183 084 $aQC718 100 1 $aBauer, Frances$0348797 245 12$aA computational method in plasma physics /$cFrances Bauer, Octavio Betancourt, Paul Garabedian 260 $aNew York :$bSpringer-Verlag,$cc1978 300 $aviii, 144 p. :$bill. ;$c24 cm. 490 0 $aSpringer series in chemical physics 500 $aIncludes bibliographical references and index. 650 4$aPlasma (Ionized gases)-Data processing 700 1 $aBetancourt, Octavio$eauthor$4http://id.loc.gov/vocabulary/relators/aut$0733137 700 1 $aGarabedian, Paul$eauthor$4http://id.loc.gov/vocabulary/relators/aut$0300083 907 $a.b10140049$b17-02-17$c27-06-02 912 $a991000862349707536 945 $aLE006 53.6.5 BAU$g1$i2006000061452$lle006$o-$pE0.00$q-$rl$s- $t0$u2$v0$w2$x0$y.i10166282$z27-06-02 996 $aComputational method in plasma physics$91444758 997 $aUNISALENTO 998 $ale006$b01-01-97$cm$da $e-$feng$gus $h2$i1 LEADER 01059nam a2200265 i 4500 001 991003556299707536 008 180911s2015 flua b 001 0 eng d 020 $a9781498703086 035 $ab14351602-39ule_inst 040 $aBibl. Dip.le Aggr. Ingegneria Innovazione - Sez. Ingegneria Innovazione$beng 082 $a621.436 100 1 $aKarim, Ghazi A.$0785659 245 10$aDual-fuel diesel engines /$cGhazi A. Karim 264 1$aBoca Raton :$bCRC Press, Taylor & Francis Group,$c2015 300 $axx, 295 pages :$billustrations ;$c24 cm 504 $aIncludes bibliographical references and index 650 0$aDiesel motor$xFuel systems 650 0$aDiesel fuels 650 0$aGas as fuel 907 $a.b14351602$b24-10-18$c16-10-18 912 $a991003556299707536 945 $aLE026 621.436 KAR 01.01 2015$g1$i2026000072326$lle026$nProf. Carlucci / Biblioteca$op$pE144.00$q-$rl$s- $t4$u1$v0$w1$x0$y.i15864261$z16-10-18 996 $aDual-fuel diesel engines$91749149 997 $aUNISALENTO 998 $ale026$b11-09-18$cm$da $e $feng$gflu$h0$i0